<?xml version="1.0" encoding="utf-8"?>
<?xml-stylesheet type='text/xsl' href='./oai2.xsl'?>
<OAI-PMH xmlns="http://www.openarchives.org/OAI/2.0/" xmlns:xsi="http://www.w3.org/2001/XMLSchema-instance" xsi:schemaLocation="http://www.openarchives.org/OAI/2.0/ http://www.openarchives.org/OAI/2.0/OAI-PMH.xsd">
  <responseDate>2026-05-15T21:20:42Z</responseDate>
  <request verb="GetRecord" metadataPrefix="marcxml" identifier="record_kuniweb_947213">https://kulturerbe.niedersachsen.de/oai</request>
  <GetRecord>
    <record>
      <header>
        <identifier>record_kuniweb_947213</identifier>
        <datestamp>2026-03-31T19:09:18Z</datestamp>
        <setSpec>slg0191</setSpec>
      </header>
      <metadata>
        <marc:record xmlns:marc="http://www.loc.gov/MARC21/slim" xsi:schemaLocation="http://www.loc.gov/MARC21/slim http://www.loc.gov/standards/marcxml/schema/MARC21slim.xsd">
          <marc:leader>12345nkm  22     uu 4500</marc:leader>
          <marc:controlfield tag="001">947213</marc:controlfield>
          <marc:controlfield tag="003">http://kuniweb.gbv.de</marc:controlfield>
          <marc:controlfield tag="005">2018-08-02T10:53:10</marc:controlfield>
          <marc:controlfield tag="008">|           ||||||||||||||||||||||</marc:controlfield>
          <marc:datafield tag="245" ind1="1" ind2="0">
            <marc:subfield code="a">Foto: Nachbarschaft 1905, Baustraße und Benser Tor, Schaffer, Schafferinnen und Kranzjungfern</marc:subfield>
          </marc:datafield>
          <marc:datafield tag="655" ind1=" " ind2="7">
            <marc:subfield code="a">Fotografie</marc:subfield>
          </marc:datafield>
          <marc:datafield tag="046" ind1=" " ind2=" ">
            <marc:subfield code="k">1905</marc:subfield>
            <marc:subfield code="k">1905</marc:subfield>
          </marc:datafield>
          <marc:datafield tag="260" ind1=" " ind2=" ">
            <marc:subfield code="g">1905</marc:subfield>
            <marc:subfield code="g">1905</marc:subfield>
          </marc:datafield>
          <marc:datafield tag="300" ind1=" " ind2=" ">
            <marc:subfield code="a">Breite: 30,4 cm
Höhe: 24,5 cm</marc:subfield>
          </marc:datafield>
          <marc:datafield tag="520" ind1=" " ind2=" ">
            <marc:subfield code="a">Gruppenbild in einer Parkanlage (vermutlich Offiziersgarten), 5 Schaffer in schwarzen formellen Anzügen, mit (weißblauen) Schärpen posieren inmitten junger Mädchen und Frauen in weißen Waschkleidern mit Schleifen und Zierrat, ebenfalls jeweils mit Schärpen. Außerdem auf dem Bild: 5 Jungen in Anzügen mit (Stroh-) Hüten bzw. einer mit Schülermütze. Die Jungen halten die Insignien der Nachbarschaft: das Buch, den Pokal und  die Sammelbüchse. In der Mitte vor dem sitzenden Schaffer steht die bekränzte Nachbarschaftstruhe (Stadtmuseum Einbeck)

Aufschrift:
Rückseite:(1) Nachbarschaft Baustr. u. Bensertor (2) Dem Städtischen Heimatmuseum Einbeck habe ich heute dieses Bild von der Einbecker Nachbarschaft 190(5) übergeben. Einbeck, am 30. Sept. 1952. Georg Arnemann (3) A 593 ((1) handschriftlich Kugelschreiber, Handschrift Dr. Erich Plümer (2) handschriftlich, Kugelschreiber, Handschrift Georg Ernst mit Autograph des Schenkers (3) Inv.Nr. mit Museumsstempel, blaue Tinte)

Beschrieben in:
o.V. (vermutlich Heinrich Rüttgerodt), Zur Einbecker Nachbarschaft 1905 allen getreuen Nachbaren und Nachbarinnen gewidmet vom Verfasser. Einbeck, H. Rüttgerodt, 1905</marc:subfield>
          </marc:datafield>
          <marc:datafield tag="650" ind1="1" ind2=" ">
            <marc:subfield code="a">Grafik, Fotografie &gt; Fotografie</marc:subfield>
          </marc:datafield>
          <marc:datafield tag="773" ind1="0" ind2=" ">
            <marc:subfield code="t">Sammlung Festtagskultur</marc:subfield>
          </marc:datafield>
          <marc:datafield tag="852" ind1=" " ind2=" ">
            <marc:subfield code="a">Stadtmuseum Einbeck</marc:subfield>
          </marc:datafield>
          <marc:datafield tag="852" ind1=" " ind2=" ">
            <marc:subfield code="a">Einbeck (Northeim, Niedersachsen)</marc:subfield>
          </marc:datafield>
          <marc:datafield tag="" ind1=" " ind2=" ">
            <marc:subfield code="a">Namensnennung - Weitergabe unter gleichen Bedingungen 4.0 International (CC BY-SA 4.0)</marc:subfield>
          </marc:datafield>
        </marc:record>
      </metadata>
    </record>
  </GetRecord>
</OAI-PMH>
